书目信息 |
| 题名: |
高等岩体力学
|
|
| 作者: | 贾洪彪 编著 | |
| 分册: | ||
| 出版信息: | 武汉 武汉大学出版社 2025.01 |
|
| 页数: | 616页 | |
| 开本: | 26cm | |
| 丛书名: | ||
| 单 册: | ||
| 中图分类: | TU45 | |
| 科图分类: | ||
| 主题词: | 岩石力学--yan shi li xue--研究生--教材 | |
| 电子资源: | ||
| ISBN: | 978-7-307-24700-0 | |
| 000 | 01506nam0 2200289 450 | |
| 001 | 89654 | |
| 005 | 20250814181951.71 | |
| 010 | @a978-7-307-24700-0@dCNY89.00 | |
| 099 | @aCAL 012025020504 | |
| 100 | @a20250308d2025 em y0chiy50 ea | |
| 101 | 0 | @achi |
| 102 | @aCN@b420000 | |
| 105 | @aa a 000yy | |
| 106 | @ar | |
| 200 | 1 | @a高等岩体力学@Agao deng yan ti li xue@f贾洪彪 ... [等] 编著 |
| 210 | @a武汉@c武汉大学出版社@d2025.01 | |
| 215 | @a616页@c图@d26cm | |
| 300 | @a中国地质大学 (武汉) 研究生精品教材 | |
| 304 | @a题名页题其余责任者: 唐辉明, 马淑芝, 王亮清, 章广成, 吴琼 | |
| 314 | @a贾洪彪, 男, 1970年11月生, 中国地质大学 (武汉) 教授, 文化遗产与岩土文物保护研究中心主任。主要从事岩土工程、地质工程专业的教学与科研工作。主要领域为岩体力学、地质灾害、岩土文物保护。出版专著3部 (第一作者1部, 科学出版社)、高校教材5部 (第一作者2部)。曾获湖北省科技进步一等奖2项, 湖北省高等学校教学成果奖一等奖1项 (负责人)。教育部与湖北省课程思政教学名师。中国土木工程学会土力学教学专委会委员、中国灾害防御协会文化遗产专业委员会会员、湖北省岩石力学与工程协会理事。 | |
| 320 | @a有书目 (第613-616页) | |
| 330 | @a本书分3编20章。第1编主要介绍岩体地质学特征与基本力学性质 ; 第2编主要介绍岩体力学研究的学科分支与新进展 ; 第3编为岩体力学的研究方法总结及在边坡工程、地下工程、地基工程与石质文物保护工程等领域的应用。 | |
| 606 | 0 | @a岩石力学@Ayan shi li xue@x研究生@j教材 |
| 690 | @aTU45@v5 | |
| 701 | 0 | @a贾洪彪@Ajia hong biao@4编著 |
| 801 | 0 | @aCN@c20250909 |
| 905 | @a河南城建学院图书馆@dTU45@eJ240@f1 | |
| 高等岩体力学/贾洪彪 ... [等] 编著.-武汉:武汉大学出版社,2025.01 |
| 616页:图;26cm |
| 中国地质大学 (武汉) 研究生精品教材 |
| ISBN 978-7-307-24700-0:CNY89.00 |
| 本书分3编20章。第1编主要介绍岩体地质学特征与基本力学性质 ; 第2编主要介绍岩体力学研究的学科分支与新进展 ; 第3编为岩体力学的研究方法总结及在边坡工程、地下工程、地基工程与石质文物保护工程等领域的应用。 |
| ● |
| 相关链接 |
|
|
|
正题名:高等岩体力学
索取号:TU45/J240
 
预约/预借
| 序号 | 登录号 | 条形码 | 馆藏地/架位号 | 状态 | 备注 |
| 1 | 1623616 | 216236160 | 建筑库101/101建筑库 95排3列5层/ [索取号:TU45/J240] | 在馆 |